000 00837nas a2200265 4500
001 BR0603491
003 BR-BrBNA
005 20231205110235.0
007 ta
008 230509b bl.|||p| |||| 00| 00por d
040 _aBR-BrBNA
_bpor
_cBiblioteca Nacional de Agricultura
041 _a(Pt)
072 _aH10
100 1 _aAzeredo, E.H. de
100 1 _aCassino, P.C.R.
245 1 _aBiologia e efeito tróficos sobre Lagria villosa (Fabricius, 1783)(Coleoptera: Lagriidae)em áreas de batata, Solanum tuberosum L.
650 _aBATATA
650 _aLAGRIA VILLOSA
650 _aBICHO CAPIXABA
650 _aPRAGA DE PLANTA
650 _aCONTROLE QUÍMICO
773 0 _tAgronomia (Brazil)
_xISSN 0365-2718
_g(Jan-Jul 2004), v. 38(1) p. 52-56
_wBR0603491
909 _a202311
_bLúcia
_c55
_dLúcia Elande
942 _2AGRIS
_n0
_cANA
999 _c186638
_d186638